| 000 | 00714nam a2200217 i 4500 | ||
|---|---|---|---|
| 001 | 91306 | ||
| 003 | ES-MaACL | ||
| 005 | 20250916203104.0 | ||
| 007 | t| | ||
| 008 | 050128s1961 sp ||||1| spa d | ||
| 080 | _a929 Chaplin, Charlie | ||
| 100 | 1 |
_aLeprohon, Pierre. _971736 |
|
| 245 | 1 | 0 |
_aCharles Chaplin / _cPierre Leprohon ; introducción de José María Otero Simón ; [traducción de Luis Horno Liria]. |
| 260 |
_aMadrid : _bRialp, _c1961. |
||
| 300 |
_a654 p., 12 lám. ; _c21 cm. |
||
| 600 | 1 | 4 |
_aChaplin, Charlie, _d1889-1977- _xBiografías _938022 |
| 700 | 1 |
_aOtero Simón, José Maria. _987921 |
|
| 700 | 1 |
_aHorno Liria, Luis. _964232 |
|
| 852 | 4 |
_aES-MaACL _jC-20448 |
|
| 999 |
_c91306 _d91306 |
||